[Event "Moscow Open A,B"]
[Site "?"]
[Date "2017.02.04"]
[Round "8.13"]
[White "Morovic Fernandez, Ivan"]
[Black "Faizrakhmanov, Ramil"]
[Result "1/2-1/2"]
[BlackElo "2432"]
[WhiteElo "2550"]
[LiveChessVersion "1.4.8"]

1. e4 {[%clk 1:30:55]} e5 {[%clk 1:30:45]} 2. Nf3 {[%clk 1:31:19]} Nc6
{[%clk 1:30:54]} 3. Bb5 {[%clk 1:31:08]} Nf6 {[%clk 1:30:54]} 4. d3
{[%clk 1:30:31]} Bc5 {[%clk 1:30:50]} 5. c3 {[%clk 1:29:40]} O-O {[%clk 1:29:40]}
6. Bxc6 {[%clk 1:27:28]} bxc6 {[%clk 1:29:37]} 7. Nxe5 {[%clk 1:27:44]} d5
{[%clk 1:28:34]} 8. d4 {[%clk 1:25:51]} Bb6 {[%clk 1:27:24]} 9. O-O
{[%clk 1:23:47]} Nxe4 {[%clk 1:14:15]} 10. Nxc6 {[%clk 1:21:50]} Qd6
{[%clk 1:13:17]} 11. Nb4 {[%clk 1:21:21]} c5 {[%clk 1:10:36]} 12. dxc5
{[%clk 1:20:13]} Bxc5 {[%clk 1:09:28]} 13. Be3 {[%clk 1:20:25]} Bxb4
{[%clk 1:07:07]} 14. cxb4 {[%clk 1:20:44]} Ba6 {[%clk 1:06:26]} 15. Re1
{[%clk 1:16:14]} Qxb4 {[%clk 1:05:32]} 16. Bd4 {[%clk 0:41:23]} Rfe8
{[%clk 1:01:13]} 17. Nc3 {[%clk 0:39:46]} Nxc3 {[%clk 0:57:59]} 18. bxc3
{[%clk 0:37:07]} Rxe1+ {[%clk 0:54:58]} 19. Qxe1 {[%clk 0:37:35]} Qd6
{[%clk 0:43:29]} 20. Qe3 {[%clk 0:36:46]} Bc4 {[%clk 0:42:42]} 21. Bxa7
{[%clk 0:32:56]} Qd7 {[%clk 0:38:51]} 22. Bd4 {[%clk 0:31:39]} Rxa2
{[%clk 0:37:25]} 23. Rxa2 {[%clk 0:16:21]} Bxa2 {[%clk 0:37:25]} 24. Qg5
{[%clk 0:16:40]} f5 {[%clk 0:37:17]} 25. h4 {[%clk 0:14:18]} h6 {[%clk 0:37:03]}
26. Qf4 {[%clk 0:14:24]} Bc4 {[%clk 0:36:49]} 27. Qe5 {[%clk 0:12:24]} h5
{[%clk 0:34:34]} 28. f3 {[%clk 0:12:08]} Qf7 {[%clk 0:34:39]} 29. Kf2
{[%clk 0:11:36]} Kh7 {[%clk 0:34:10]} 30. g3 {[%clk 0:05:31]} Qg6
{[%clk 0:32:21]} 31. Qe7 {[%clk 0:01:48]} f4 {[%clk 0:29:44]} 32. gxf4
{[%clk 0:01:20]} Qc2+ {[%clk 0:30:08]} 33. Kg3 {[%clk 0:01:29]} Qg6+
{[%clk 0:30:24]} 34. Kf2 {[%clk 0:01:02]} Qc2+ {[%clk 0:30:47]} 35. Kg3
{[%clk 0:00:56]} Qg6+ {[%clk 0:31:10]} 36. Qg5 {[%clk 0:00:41]} Qxg5+
{[%clk 0:31:14]} 37. hxg5 {[%clk 0:00:41]} g6 {[%clk 0:31:23]} 38. Be5
{[%clk 0:00:47]} Bd3 {[%clk 0:31:39]} 39. Bd4 {[%clk 0:01:00]} Bc4
{[%clk 0:31:50]} 40. Be5 {[%clk 0:31:18]} Bd3 {[%clk 1:02:16]} 1/2-1/2

[Event "Moscow Open A,B"]
[Site "?"]
[Date "2017.02.04"]
[Round "8.14"]
[White "Levin, Evgeny A."]
[Black "Sorokin, Aleksey"]
[Result "1-0"]
[BlackElo "2434"]
[WhiteElo "2506"]
[LiveChessVersion "1.4.8"]

1. d4 Nf6 2. c4 g6 3. Nc3 d5 4. cxd5 Nxd5 5. Bd2 Bg7 6. e4 Nxc3 7. Bxc3 O-O 8.
Qd2 c5 9. d5 e6 10. Bc4 exd5 11. Bxd5 Nd7 12. Bxg7 Kxg7 13. Ne2 Nf6 14. Qc3 Kg8
15. Nf4 Qd6 16. Qe3 Qe5 17. O-O-O Be6 18. Nxe6 fxe6 19. Qg3 Qxg3 20. Bxe6+ Kh8
21. hxg3 Rae8 22. Bb3 Rxe4 23. Rd2 Rfe8 24. Rhd1 c4 25. Bc2 R4e5 26. Rd8 Kg7 27.
Rxe8 Rxe8 28. Rd4 Rc8 29. Kd2 b5 30. Bd1 Kf7 31. a4 bxa4 32. Be2 Ke6 33. Bxc4+
Ke7 34. Bd3 Rc5 35. Rxa4 a5 36. Rd4 Nd5 37. Rh4 Nf6 38. Rd4 Rd5 39. Rh4 Rc5 40.
b3 Kd6 41. Bc4 Rf5 42. Ke3 g5 43. Rd4+ Kc5 44. f4 gxf4+ 45. gxf4 Rh5 46. Rd8 Rh1
47. Rf8 Nd7 48. Rf5+ Kb4 49. Rb5+ Kc3 50. Rxa5 h5 51. Kf3 Nf6 52. Re5 Kd4 53. Re6
Ng4 54. Re4+ Kc3 55. f5 Rd1 56. Kf4 Rd2 57. Re2 1-0

[Event "Moscow Open A,B"]
[Site "?"]
[Date "2017.02.04"]
[Round "8.15"]
[White "Khanin, Semen"]
[Black "Alekseev, Evgeny"]
[Result "1/2-1/2"]
[BlackElo "2632"]
[WhiteElo "2418"]
[LiveChessVersion "1.4.8"]

1. e4 {[%clk 1:30:58]} e6 {[%clk 1:26:39]} 2. d4 {[%clk 1:31:22]} d5
{[%clk 1:27:02]} 3. Nc3 {[%clk 1:31:49]} Nf6 {[%clk 1:26:25]} 4. e5
{[%clk 1:32:14]} Nfd7 {[%clk 1:26:41]} 5. f4 {[%clk 1:32:40]} c5 {[%clk 1:26:37]}
6. Nf3 {[%clk 1:33:06]} Nc6 {[%clk 1:26:46]} 7. Be3 {[%clk 1:33:32]} a6
{[%clk 1:26:51]} 8. Qd2 {[%clk 1:33:57]} b5 {[%clk 1:27:06]} 9. dxc5
{[%clk 1:34:21]} Bxc5 {[%clk 1:26:48]} 10. Bd3 {[%clk 1:34:46]} Qb6
{[%clk 1:25:57]} 11. Bf2 {[%clk 1:35:10]} Bxf2+ {[%clk 1:23:48]} 12. Qxf2
{[%clk 1:35:35]} Qxf2+ {[%clk 1:24:11]} 13. Kxf2 {[%clk 1:36:01]} Ke7
{[%clk 1:24:13]} 14. Rhe1 {[%clk 1:33:12]} Nc5 {[%clk 1:09:30]} 15. Ne2
{[%clk 1:30:56]} Nb4 {[%clk 0:59:18]} 16. Red1 {[%clk 1:30:16]} Bd7
{[%clk 0:58:00]} 17. Nfd4 {[%clk 1:19:56]} Raf8 {[%clk 0:32:48]} 18. a3
{[%clk 1:16:56]} Nc6 {[%clk 0:33:03]} 19. Nxc6+ {[%clk 1:16:18]} Bxc6
{[%clk 0:33:29]} 20. Nd4 {[%clk 1:15:50]} Bb7 {[%clk 0:32:08]} 21. Re1
{[%clk 0:59:21]} f6 {[%clk 0:31:06]} 22. exf6+ {[%clk 0:59:33]} Rxf6
{[%clk 0:30:54]} 23. Ke3 {[%clk 0:57:16]} Kd6 {[%clk 0:26:42]} 24. g3
{[%clk 0:50:33]} h6 {[%clk 0:21:09]} 25. h4 {[%clk 0:47:27]} Rg8 {[%clk 0:14:09]}
26. Bh7 {[%clk 0:24:11]} Rh8 {[%clk 0:13:59]} 27. Bd3 {[%clk 0:24:37]} Rg8
{[%clk 0:14:24]} 28. Bh7 {[%clk 0:24:53]} Rh8 {[%clk 0:12:33]} 1/2-1/2

[Event "Moscow Open A,B"]
[Site "?"]
[Date "2017.02.05"]
[Round "9.2"]
[White "Vavulin, Maksim"]
[Black "Artemiev, Vladislav"]
[Result "0-1"]
[BlackElo "2655"]
[WhiteElo "2604"]
[LiveChessVersion "1.4.8"]

1. e4 c5 2. Nf3 a6 3. c3 d5 4. exd5 Qxd5 5. Na3 Nf6 6. Be2 Nc6 7. Nc4 Qd8 8. a4
Be6 9. a5 Bxc4 10. Bxc4 e6 11. Qa4 Bd6 12. d4 O-O 13. dxc5 Bxc5 14. O-O Qc7 15.
Bg5 Rad8 16. Bh4 Ba7 17. Bb3 Ne7 18. Rfe1 Ng6 19. Bg5 h6 20. Bc1 Nd5 21. Qc4 Qxc4
22. Bxc4 Nf6 23. h3 Ne7 24. Bf1 Rd5 25. b4 Rc8 26. Bb2 Rdd8 27. g3 Nf5 28. Kg2
Nd6 29. Rac1 Nc4 30. Ba1 Kf8 31. Red1 Rxd1 32. Rxd1 Nd5 33. Rd3 Ke7 34. Kg1 g5
35. Be2 Nf6 36. Nd2 Ne5 37. Rf3 Nd5 38. c4 Nxf3+ 39. Bxf3 Nxb4 40. Bxb7 Rd8 41.
Nf1 Rd7 42. Bf3 Nd3 43. Ne3 Bd4 44. Bxd4 Rxd4 45. Kf1 f5 46. Ke2 Nc1+ 47. Ke1 Nb3
48. Be2 Nxa5 49. c5 Re4 50. Kf1 Re5 51. Bxa6 Rxc5 52. Kg2 Nc6 53. Bf1 Kf6 54. Nc4
Ne5 55. Nd6 Rc2 56. Nb5 h5 57. Nd4 Rd2 58. Nb3 Rb2 59. Nd4 h4 60. gxh4 gxh4 61.
Nb5 Ng6 62. Nd6 Nf4+ 63. Kg1 Rb1 0-1

[Event "Moscow Open A,B"]
[Site "?"]
[Date "2017.02.05"]
[Round "9.3"]
[White "Grachev, Boris"]
[Black "Khismatullin, Denis"]
[Result "1/2-1/2"]
[BlackElo "2639"]
[WhiteElo "2650"]
[LiveChessVersion "1.4.8"]

1. d4 {[%clk 1:30:57]} Nf6 {[%clk 1:30:54]} 2. c4 {[%clk 1:31:16]} e6
{[%clk 1:31:19]} 3. Nf3 {[%clk 1:31:41]} d5 {[%clk 1:29:48]} 4. g3
{[%clk 1:30:57]} dxc4 {[%clk 1:19:11]} 5. Qa4+ {[%clk 1:22:24]} Nbd7
{[%clk 1:18:22]} 6. Bg2 {[%clk 1:21:40]} a6 {[%clk 1:18:15]} 7. Nc3
{[%clk 1:21:47]} Rb8 {[%clk 1:18:36]} 8. Qxc4 {[%clk 1:22:09]} b5
{[%clk 1:18:58]} 9. Qd3 {[%clk 1:22:34]} Bb7 {[%clk 1:19:16]} 10. Bf4
{[%clk 1:20:59]} Rc8 {[%clk 1:16:30]} 11. O-O {[%clk 1:20:28]} c5
{[%clk 1:16:55]} 12. dxc5 {[%clk 1:20:20]} Bxc5 {[%clk 1:07:45]} 13. Ne5
{[%clk 1:17:58]} Bxg2 {[%clk 1:06:33]} 14. Kxg2 {[%clk 1:18:22]} Nxe5
{[%clk 1:06:45]} 15. Qxd8+ {[%clk 1:18:44]} Kxd8 {[%clk 0:57:53]} 16. Bxe5
{[%clk 1:19:08]} Ke7 {[%clk 0:58:19]} 17. Rfd1 {[%clk 1:13:18]} Ng4
{[%clk 0:55:24]} 18. Bxg7 {[%clk 1:03:06]} Nxf2 {[%clk 0:55:08]} 19. Bxh8
{[%clk 1:02:31]} Nxd1 {[%clk 0:55:32]} 20. Rxd1 {[%clk 1:02:56]} Rxh8
{[%clk 0:55:58]} 21. Ne4 {[%clk 1:02:53]} Bb6 {[%clk 0:56:00]} 22. Rc1
{[%clk 0:50:26]} Kd7 {[%clk 0:31:21]} 23. Nc5+ {[%clk 0:46:12]} Bxc5
{[%clk 0:28:38]} 24. Rxc5 {[%clk 0:46:36]} Kd6 {[%clk 0:24:11]} 25. b4
{[%clk 0:45:39]} Rd8 {[%clk 0:17:22]} 26. Kf3 {[%clk 0:39:19]} Ke7
{[%clk 0:16:44]} 27. Rc7+ {[%clk 0:39:38]} Kf6 {[%clk 0:12:37]} 28. Rc6
{[%clk 0:34:52]} Rd4 {[%clk 0:12:45]} 29. a3 {[%clk 0:35:16]} a5 {[%clk 0:13:08]}
30. Ke3 {[%clk 0:34:41]} Rg4 {[%clk 0:13:31]} 31. bxa5 {[%clk 0:33:42]} Ra4
{[%clk 0:13:55]} 32. Rc3 {[%clk 0:29:38]} e5 {[%clk 0:10:38]} 33. Kf3
{[%clk 0:19:39]} Rxa5 {[%clk 0:10:23]} 34. e4 {[%clk 0:19:37]} Ke6
{[%clk 0:05:33]} 35. Rd3 {[%clk 0:18:31]} Kf6 {[%clk 0:04:49]} 36. Rc3
{[%clk 0:18:23]} Ke6 {[%clk 0:04:50]} 37. Rd3 {[%clk 0:18:49]} Kf6
{[%clk 0:05:17]} 38. Rc3 {[%clk 0:19:12]} Ke6 {[%clk 0:05:29]} 39. Rd3
{[%clk 0:19:39]} Kf6 {[%clk 0:05:52]} 40. Rc3 {[%clk 0:50:05]} Ke6
{[%clk 0:36:18]} 1/2-1/2

[Event "Moscow Open A,B"]
[Site "?"]
[Date "2017.02.05"]
[Round "9.4"]
[White "Sjugirov, Sanan"]
[Black "Atabayev, Maksat"]
[Result "1/2-1/2"]
[BlackElo "2492"]
[WhiteElo "2673"]
[LiveChessVersion "1.4.8"]

1. d4 {[%clk 1:30:55]} Nf6 {[%clk 1:30:37]} 2. c4 {[%clk 1:31:16]} e6
{[%clk 1:31:01]} 3. Nf3 {[%clk 1:31:17]} b6 {[%clk 1:30:20]} 4. g3
{[%clk 1:31:20]} Bb7 {[%clk 1:27:43]} 5. Bg2 {[%clk 1:31:34]} Bb4+
{[%clk 1:28:04]} 6. Bd2 {[%clk 1:24:48]} Bxd2+ {[%clk 1:25:51]} 7. Qxd2
{[%clk 1:24:01]} O-O {[%clk 1:25:59]} 8. Nc3 {[%clk 1:17:01]} Ne4
{[%clk 1:20:53]} 9. Qc2 {[%clk 1:16:03]} Nxc3 {[%clk 1:20:25]} 10. Ng5
{[%clk 1:08:55]} Qxg5 {[%clk 1:13:14]} 11. Bxb7 {[%clk 1:09:13]} Nxe2
{[%clk 1:13:38]} 12. Qxe2 {[%clk 1:05:40]} Nc6 {[%clk 1:14:07]} 13. Bxa8
{[%clk 1:05:24]} Rxa8 {[%clk 1:13:17]} 14. Qe3 {[%clk 0:31:45]} Qa5+
{[%clk 1:03:54]} 15. Qc3 {[%clk 0:32:03]} Nxd4 {[%clk 1:04:03]} 16. Qxa5
{[%clk 0:32:14]} bxa5 {[%clk 1:04:32]} 17. O-O-O {[%clk 0:31:34]} c5
{[%clk 1:04:50]} 18. Rd3 {[%clk 0:31:43]} Kf8 {[%clk 1:02:11]} 19. Ra3
{[%clk 0:27:44]} Nc6 {[%clk 1:02:34]} 20. Rb3 {[%clk 0:27:21]} Nb4
{[%clk 0:55:52]} 21. Ra3 {[%clk 0:26:09]} Nc6 {[%clk 0:56:17]} 22. Rd1
{[%clk 0:22:44]} Ke7 {[%clk 0:56:38]} 23. Rdd3 {[%clk 0:22:04]} Rb8
{[%clk 0:53:01]} 24. Rdb3 {[%clk 0:20:33]} Rb4 {[%clk 0:53:24]} 25. Rxb4
{[%clk 0:20:44]} axb4 {[%clk 0:53:51]} 26. Re3 {[%clk 0:20:27]} f5
{[%clk 0:52:56]} 27. Kd2 {[%clk 0:17:56]} g5 {[%clk 0:51:19]} 28. f4
{[%clk 0:14:35]} g4 {[%clk 0:49:59]} 29. Re1 {[%clk 0:14:26]} h5 {[%clk 0:47:18]}
30. Rh1 {[%clk 0:08:40]} Kf6 {[%clk 0:46:29]} 31. h3 {[%clk 0:07:17]} Kg6
{[%clk 0:46:50]} 32. a3 {[%clk 0:06:57]} a5 {[%clk 0:46:36]} 33. axb4
{[%clk 0:07:13]} axb4 {[%clk 0:46:43]} 34. Kd3 {[%clk 0:04:36]} Kf7
{[%clk 0:38:25]} 35. Ra1 {[%clk 0:03:02]} e5 {[%clk 0:34:29]} 36. hxg4
{[%clk 0:01:45]} e4+ {[%clk 0:34:17]} 37. Ke3 {[%clk 0:01:30]} hxg4
{[%clk 0:34:46]} 38. Ra8 {[%clk 0:01:13]} Nd4 {[%clk 0:34:24]} 39. Rc8
{[%clk 0:01:01]} d6 {[%clk 0:34:48]} 40. Rd8 {[%clk 0:30:52]} Ke7
{[%clk 1:05:10]} 41. Rh8 {[%clk 0:26:27]} 1/2-1/2

[Event "Moscow Open A,B"]
[Site "?"]
[Date "2017.02.05"]
[Round "9.5"]
[White "Kokarev, Dmitry"]
[Black "Predke, Alexandr"]
[Result "1/2-1/2"]
[BlackElo "2573"]
[WhiteElo "2651"]
[LiveChessVersion "1.4.8"]

1. e4 c5 2. Nf3 d6 3. d4 cxd4 4. Nxd4 Nf6 5. Nc3 Nc6 6. Bg5 e6 7. Qd2 Be7 8.
O-O-O O-O 9. Nb3 h6 10. Bxf6 Bxf6 11. Qxd6 Bxc3 12. bxc3 Qf6 13. Qg3 e5 14. Bc4
Ne7 15. Rd2 Be6 16. Bxe6 Qxe6 17. Rhd1 Nc8 18. c4 Qxc4 19. Qxe5 Nb6 20. Rd4 Qe2
21. R4d2 Qc4 22. Rd4 Qe2 23. R4d2 Qc4 24. Rd4 Qe2 25. R4d2 Qc4 1/2-1/2

[Event "Moscow Open A,B"]
[Site "?"]
[Date "2017.02.05"]
[Round "9.7"]
[White "Golubov, Saveliy"]
[Black "Volkov, Sergey"]
[Result "1/2-1/2"]
[BlackElo "2617"]
[WhiteElo "2487"]
[LiveChessVersion "1.4.8"]

1. d4 {[%clk 1:30:53]} d5 {[%clk 1:30:53]} 2. c4 {[%clk 1:31:12]} c6
{[%clk 1:31:16]} 3. cxd5 {[%clk 1:31:34]} cxd5 {[%clk 1:31:39]} 4. Bg5
{[%clk 1:31:59]} Nc6 {[%clk 1:31:58]} 5. Nc3 {[%clk 1:32:20]} f6 {[%clk 1:32:08]}
6. Bh4 {[%clk 1:30:44]} e5 {[%clk 1:32:31]} 7. e3 {[%clk 1:25:27]} exd4
{[%clk 1:32:29]} 8. exd4 {[%clk 1:25:50]} Bb4 {[%clk 1:32:54]} 9. Nf3
{[%clk 1:14:30]} Nge7 {[%clk 1:32:24]} 10. Be2 {[%clk 1:12:06]} g5
{[%clk 1:19:46]} 11. Bg3 {[%clk 1:10:28]} h5 {[%clk 1:19:57]} 12. h3
{[%clk 0:59:44]} Nf5 {[%clk 1:18:32]} 13. Qd3 {[%clk 1:00:09]} Be6
{[%clk 1:14:43]} 14. O-O {[%clk 0:35:57]} Qd7 {[%clk 1:11:13]} 15. a3
{[%clk 0:32:17]} Be7 {[%clk 1:09:13]} 16. Rae1 {[%clk 0:32:45]} O-O-O
{[%clk 0:57:10]} 17. Bd1 {[%clk 0:31:39]} g4 {[%clk 0:40:51]} 18. Nh4
{[%clk 0:27:24]} Nxg3 {[%clk 0:31:21]} 19. fxg3 {[%clk 0:26:52]} gxh3
{[%clk 0:31:44]} 20. Ng6 {[%clk 0:21:18]} hxg2 {[%clk 0:30:38]} 21. Rf2
{[%clk 0:21:12]} Rhe8 {[%clk 0:27:14]} 22. Bxh5 {[%clk 0:21:22]} Bd6
{[%clk 0:23:10]} 23. Nf4 {[%clk 0:18:53]} Re7 {[%clk 0:20:45]} 24. Nxe6
{[%clk 0:13:09]} Rxe6 {[%clk 0:20:59]} 25. Rxe6 {[%clk 0:12:54]} Qxe6
{[%clk 0:21:24]} 26. Kxg2 {[%clk 0:12:46]} Rg8 {[%clk 0:18:39]} 27. Re2
{[%clk 0:12:15]} Qd7 {[%clk 0:18:18]} 28. Re3 {[%clk 0:12:30]} Bc7
{[%clk 0:07:07]} 29. Bg6 {[%clk 0:11:28]} Kb8 {[%clk 0:06:18]} 30. Bf5
{[%clk 0:11:30]} Qd8 {[%clk 0:06:17]} 31. Be6 {[%clk 0:06:30]} Rg5
{[%clk 0:06:41]} 32. Nb5 {[%clk 0:04:48]} a6 {[%clk 0:06:37]} 33. Nxc7
{[%clk 0:05:12]} Qxc7 {[%clk 0:06:58]} 34. b4 {[%clk 0:01:06]} Qb6
{[%clk 0:07:08]} 35. Bd7 {[%clk 0:01:31]} Nxd4 {[%clk 0:06:30]} 36. Re8+
{[%clk 0:01:52]} Ka7 {[%clk 0:06:57]} 37. Qe3 {[%clk 0:02:14]} Re5
{[%clk 0:05:44]} 38. Rxe5 {[%clk 0:02:28]} fxe5 {[%clk 0:06:12]} 39. Qxe5
{[%clk 0:02:40]} Nc2 {[%clk 0:06:36]} 40. g4 {[%clk 0:31:53]} Nxa3
{[%clk 0:33:05]} 41. Qxd5 {[%clk 0:30:58]} Qxb4 {[%clk 0:33:13]} 42. g5
{[%clk 0:29:29]} Nc2 {[%clk 0:33:19]} 43. Kf3 {[%clk 0:25:27]} 1/2-1/2

[Event "Moscow Open A,B"]
[Site "?"]
[Date "2017.02.05"]
[Round "9.8"]
[White "Rozum, Ivan"]
[Black "Zakhartsov, Vladimir"]
[Result "1/2-1/2"]
[BlackElo "2453"]
[WhiteElo "2601"]
[LiveChessVersion "1.4.8"]

1. d4 {[%clk 1:30:58]} Nf6 {[%clk 1:30:55]} 2. c4 {[%clk 1:31:23]} e6
{[%clk 1:31:21]} 3. Nc3 {[%clk 1:31:40]} Bb4 {[%clk 1:31:45]} 4. e3
{[%clk 1:32:05]} O-O {[%clk 1:32:10]} 5. Bd3 {[%clk 1:32:30]} d5 {[%clk 1:32:27]}
6. Nf3 {[%clk 1:32:21]} b6 {[%clk 1:32:35]} 7. O-O {[%clk 1:30:18]} Bb7
{[%clk 1:32:51]} 8. cxd5 {[%clk 1:25:59]} exd5 {[%clk 1:33:15]} 9. Ne5
{[%clk 1:25:07]} Nbd7 {[%clk 1:31:52]} 10. f4 {[%clk 1:25:01]} c5
{[%clk 1:29:54]} 11. Ne2 {[%clk 1:24:28]} cxd4 {[%clk 1:27:06]} 12. exd4
{[%clk 1:24:38]} Ne4 {[%clk 1:26:16]} 13. Qa4 {[%clk 1:21:15]} Nxe5
{[%clk 1:25:36]} 14. fxe5 {[%clk 1:21:38]} Be7 {[%clk 1:25:33]} 15. Nf4
{[%clk 1:14:31]} Rc8 {[%clk 1:21:09]} 16. Be3 {[%clk 1:12:26]} a6
{[%clk 1:17:21]} 17. Rf3 {[%clk 1:09:45]} b5 {[%clk 1:16:14]} 18. Qb3
{[%clk 1:09:00]} Qd7 {[%clk 1:15:04]} 19. Raf1 {[%clk 1:08:45]} f5
{[%clk 1:09:39]} 20. exf6 {[%clk 1:01:13]} Nxf6 {[%clk 1:09:59]} 21. Nh3
{[%clk 1:00:46]} Rc6 {[%clk 1:05:47]} 22. Bf5 {[%clk 0:56:55]} Qd6
{[%clk 0:46:40]} 23. Ng5 {[%clk 0:50:20]} Bc8 {[%clk 0:43:33]} 24. Bf4
{[%clk 0:44:08]} Qd8 {[%clk 0:44:02]} 25. Be5 {[%clk 0:40:53]} Bxf5
{[%clk 0:40:13]} 26. Rxf5 {[%clk 0:41:12]} h6 {[%clk 0:40:31]} 27. Nh3
{[%clk 0:41:10]} Qd7 {[%clk 0:34:32]} 28. Qf3 {[%clk 0:33:13]} Rcc8
{[%clk 0:25:08]} 29. Nf2 {[%clk 0:28:43]} Qe6 {[%clk 0:23:33]} 30. Qh3
{[%clk 0:23:38]} Kh7 {[%clk 0:17:21]} 31. Ng4 {[%clk 0:14:54]} Nxg4
{[%clk 0:13:14]} 32. Qxg4 {[%clk 0:15:18]} Qg6 {[%clk 0:13:34]} 33. Qxg6+
{[%clk 0:12:54]} Kxg6 {[%clk 0:14:03]} 34. Rxf8 {[%clk 0:13:00]} Bxf8
{[%clk 0:12:12]} 35. g4 {[%clk 0:12:42]} Be7 {[%clk 0:12:17]} 36. Kg2
{[%clk 0:13:00]} Rc2+ {[%clk 0:07:44]} 37. Rf2 {[%clk 0:12:59]} Rxf2+
{[%clk 0:07:14]} 38. Kxf2 {[%clk 0:13:21]} Bf6 {[%clk 0:06:43]} 39. Bxf6
{[%clk 0:11:13]} Kxf6 {[%clk 0:07:04]} 40. h4 {[%clk 0:41:10]} g5
{[%clk 0:37:27]} 41. h5 Ke5 1/2-1/2

[Event "Moscow Open A,B"]
[Site "?"]
[Date "2017.02.05"]
[Round "9.9"]
[White "Pridorozhni, Aleksei"]
[Black "Makhmutov, Rail"]
[Result "1/2-1/2"]
[BlackElo "2437"]
[WhiteElo "2568"]
[LiveChessVersion "1.4.8"]

1. c4 {[%clk 1:30:53]} e5 {[%clk 1:30:44]} 2. g3 {[%clk 1:31:14]} Nf6
{[%clk 1:31:03]} 3. Bg2 {[%clk 1:31:39]} d5 {[%clk 1:31:12]} 4. cxd5
{[%clk 1:32:04]} Nxd5 {[%clk 1:31:36]} 5. Nc3 {[%clk 1:32:31]} Nb6
{[%clk 1:31:52]} 6. d3 {[%clk 1:32:55]} Be7 {[%clk 1:31:58]} 7. Be3
{[%clk 1:33:13]} O-O {[%clk 1:31:46]} 8. Rc1 {[%clk 1:33:33]} Re8
{[%clk 1:31:18]} 9. a3 {[%clk 1:33:19]} Bf8 {[%clk 1:30:31]} 10. Qc2
{[%clk 1:32:10]} h6 {[%clk 1:29:37]} 11. b4 {[%clk 1:24:42]} a5 {[%clk 1:25:14]}
12. Bc5 {[%clk 1:24:56]} axb4 {[%clk 1:21:26]} 13. axb4 {[%clk 1:25:12]} Bxc5
{[%clk 1:13:12]} 14. bxc5 {[%clk 1:16:26]} N6d7 {[%clk 1:13:37]} 15. c6
{[%clk 1:11:36]} Nxc6 {[%clk 1:12:28]} 16. Bxc6 {[%clk 1:11:44]} bxc6
{[%clk 1:12:57]} 17. Nf3 {[%clk 1:12:07]} c5 {[%clk 1:08:00]} 18. O-O
{[%clk 1:11:53]} Bb7 {[%clk 1:00:14]} 19. Nd2 {[%clk 1:08:42]} Nf6
{[%clk 0:58:56]} 20. Rfd1 {[%clk 1:03:37]} Qd7 {[%clk 0:55:33]} 21. Nde4
{[%clk 0:54:37]} Bxe4 {[%clk 0:50:49]} 22. dxe4 {[%clk 0:53:57]} Qe7
{[%clk 0:43:57]} 23. Nd5 {[%clk 0:52:55]} Nxd5 {[%clk 0:44:19]} 24. Rxd5
{[%clk 0:53:21]} Ra5 {[%clk 0:43:48]} 25. Qc3 {[%clk 0:52:54]} Ra4
{[%clk 0:38:00]} 26. Rxc5 {[%clk 0:46:24]} Rxe4 {[%clk 0:37:49]} 27. Rxc7
{[%clk 0:46:46]} Qe6 {[%clk 0:28:55]} 28. Qf3 {[%clk 0:43:34]} Rd4
{[%clk 0:28:47]} 29. R1c6 {[%clk 0:43:40]} Qd5 {[%clk 0:28:45]} 30. Qxd5
{[%clk 0:43:41]} Rxd5 {[%clk 0:29:13]} 31. Rb6 {[%clk 0:44:04]} g6
{[%clk 0:20:16]} 32. Rf6 {[%clk 0:41:58]} Rf8 {[%clk 0:20:32]} 33. Re7
{[%clk 0:42:24]} Kg7 {[%clk 0:19:53]} 34. Rf3 {[%clk 0:42:50]} h5
{[%clk 0:19:23]} 35. Kg2 {[%clk 0:42:51]} Ra5 {[%clk 0:19:00]} 36. h3
{[%clk 0:42:53]} Rb5 {[%clk 0:18:57]} 37. e4 {[%clk 0:43:18]} Ra5
{[%clk 0:19:01]} 38. g4 {[%clk 0:43:42]} hxg4 {[%clk 0:18:46]} 39. hxg4
{[%clk 0:44:08]} Rb5 {[%clk 0:05:58]} 40. g5 {[%clk 1:14:15]} Rb4
{[%clk 0:34:36]} 41. Rxe5 {[%clk 1:14:22]} Rb7 {[%clk 0:34:56]} 42. Rc3
{[%clk 1:13:32]} Ra8 {[%clk 0:32:18]} 43. Kg3 {[%clk 1:13:24]} Rab8
{[%clk 0:31:59]} 44. f3 {[%clk 1:13:11]} Ra8 {[%clk 0:30:44]} 45. Kg4
{[%clk 1:13:06]} Rab8 {[%clk 0:29:17]} 46. Rd5 {[%clk 1:13:24]} Ra8
{[%clk 0:29:16]} 47. Rc1 {[%clk 1:12:21]} Rh8 {[%clk 0:29:05]} 48. Rd2
{[%clk 1:11:52]} Ra7 {[%clk 0:28:03]} 49. Re1 {[%clk 1:10:38]} Rb7
{[%clk 0:27:44]} 50. f4 {[%clk 1:09:27]} Rb3 {[%clk 0:26:52]} 51. Rg2
{[%clk 1:08:22]} Rbh3 {[%clk 0:21:53]} 52. Rg3 {[%clk 1:08:40]} R3h4+
{[%clk 0:21:53]} 53. Kf3 {[%clk 1:09:04]} Ra8 {[%clk 0:22:15]} 1/2-1/2

[Event "Moscow Open A,B"]
[Site "?"]
[Date "2017.02.05"]
[Round "9.11"]
[White "Lomasov, Semen"]
[Black "Morovic Fernandez, Ivan"]
[Result "1/2-1/2"]
[BlackElo "2550"]
[WhiteElo "2441"]
[LiveChessVersion "1.4.8"]

1. e4 {[%clk 1:30:56]} e5 {[%clk 1:30:49]} 2. Nc3 {[%clk 1:31:21]} Nf6
{[%clk 1:29:59]} 3. Bc4 {[%clk 1:31:40]} Nc6 {[%clk 1:25:55]} 4. d3
{[%clk 1:31:51]} Bb4 {[%clk 1:24:50]} 5. Nge2 {[%clk 1:31:48]} d5
{[%clk 1:24:29]} 6. exd5 {[%clk 1:32:00]} Nxd5 {[%clk 1:24:53]} 7. O-O
{[%clk 1:31:32]} Be6 {[%clk 1:24:52]} 8. Bxd5 {[%clk 1:31:06]} Bxd5
{[%clk 1:25:08]} 9. f4 {[%clk 1:31:31]} O-O {[%clk 1:10:10]} 10. f5
{[%clk 1:31:34]} f6 {[%clk 1:04:54]} 11. Ng3 {[%clk 1:31:41]} Bf7
{[%clk 0:54:55]} 12. Nce4 {[%clk 1:31:07]} Be7 {[%clk 0:48:17]} 13. Be3
{[%clk 1:11:03]} Nd4 {[%clk 0:48:10]} 14. Rf2 {[%clk 1:07:43]} b6
{[%clk 0:43:33]} 15. Qg4 {[%clk 1:07:08]} Kh8 {[%clk 0:43:18]} 16. Raf1
{[%clk 1:00:34]} a5 {[%clk 0:35:36]} 17. Nh5 {[%clk 0:52:59]} Rg8
{[%clk 0:32:29]} 18. c3 {[%clk 0:52:10]} Qe8 {[%clk 0:26:31]} 19. cxd4
{[%clk 0:51:32]} Bxh5 {[%clk 0:26:52]} 20. Qh3 {[%clk 0:51:47]} exd4
{[%clk 0:24:47]} 21. Bxd4 {[%clk 0:51:45]} Rd8 {[%clk 0:23:26]} 22. Bc3
{[%clk 0:51:47]} Bf7 {[%clk 0:16:28]} 23. Re1 {[%clk 0:27:14]} Qd7
{[%clk 0:09:44]} 24. Re3 {[%clk 0:18:16]} Rgf8 {[%clk 0:07:54]} 25. Ng5
{[%clk 0:09:07]} h6 {[%clk 0:04:13]} 26. Rf4 {[%clk 0:07:10]} Bc5
{[%clk 0:02:33]} 27. d4 {[%clk 0:07:35]} Be7 {[%clk 0:01:44]} 28. Rh4
{[%clk 0:06:40]} Kg8 {[%clk 0:01:18]} 29. Ne6 {[%clk 0:01:58]} Bxe6
{[%clk 0:01:45]} 30. fxe6 {[%clk 0:01:59]} Qa4 {[%clk 0:01:03]} 31. Rxh6
{[%clk 0:01:23]} gxh6 {[%clk 0:01:03]} 32. Rg3+ {[%clk 0:01:31]} Kh7
{[%clk 0:01:29]} 33. Qf5+ {[%clk 0:01:58]} Kh8 {[%clk 0:01:58]} 34. b3
{[%clk 0:00:45]} Qe8 {[%clk 0:00:37]} 35. Rg6 {[%clk 0:00:58]} Kh7
{[%clk 0:00:35]} 36. Rg3+ {[%clk 0:00:43]} Kh8 {[%clk 0:01:03]} 37. Rg6
{[%clk 0:01:00]} Kh7 {[%clk 0:01:11]} 38. Rxf6+ {[%clk 0:00:47]} Kg7
{[%clk 0:01:23]} 39. Qg4+ {[%clk 0:01:11]} Kh7 {[%clk 0:01:44]} 40. Qf5+
{[%clk 0:31:03]} Kg7 {[%clk 0:31:35]} 41. Qg4+ 1/2-1/2